000 00471nam a22001697a 4500
003 OSt
005 20251024004237.0
008 251001b |||||||| |||| 00| 0 eng d
040 _aDWCL-Main lib
_cOC
082 _aCirc. 613 N425e 1994
100 _aNelson, Ethel R.
245 _aEight secrets of health
260 _aManila :
_bPhilippine Pub. House,
_cc1994.
300 _a215 pages :
_billustration ;
_c22 cm.
650 _21. Health.
942 _2ddc
_cBK-CIRC
_kCirc.
_n0
999 _c4600
_d4600